00351 2200145 4500001002100000005001500021035002000036245004300056100002900099300001200128260003100140082000800171084001400179990001200193INLIS00000000000203120250527090208 a0010-05250003231 aPutri Giok /cWei Wei Fu, Ren, Chou Yu0 aWei Wei Fu, Ren, Chou Yu a216 hlm aJakarta :bGramedia,c2003 a813 a813 WEI p a0712490